[Event "Let's Play Chess!"]
[Site "http://www.queenalice.com/game.php?id=1296480"]
[Date "2014.7.27"]
[Round "-"]
[White "mausid"]
[Black "monok"]
[Result "1-0"]
[WhiteElo "2107"]
[BlackElo "1713"]

1. e4 c6 2. d4 d5 3. e5 Bf5 4. Nc3 e6 5. g4 Bg6 6. Nge2 c5 7. h4 h5 8. Nf4 cxd4
9. Nxg6 fxg6 10. Qxd4 Nc6 11. Bb5 Ne7 12. Bg5 Qc7 13. f4 O-O-O 14. Bxc6 Nxc6 15.
Bxd8 Nxd4 16. Bxc7 Nxc2+ 17. Kd2 Nxa1 18. Bd6 Kd7 19. Rxa1 Bxd6 20. exd6 Kxd6
21. g5 1-0

[Event "Let's Play Chess!"]
[Site "http://www.queenalice.com/game.php?id=1296481"]
[Date "2014.7.26"]
[Round "-"]
[White "uschmidi"]
[Black "mausid"]
[Result "1/2-1/2"]
[WhiteElo "2117"]
[BlackElo "2232"]

1. d4 Nf6 2. Bf4 g6 3. e3 Bg7 4. c4 O-O 5. Nf3 d5 6. Nc3 c5 7. Be5 dxc4 8. Bxc4
cxd4 9. Bxd4 Nc6 10. O-O Nxd4 11. Nxd4 a6 12. Qf3 Qc7 13. Bd5 Nxd5 14. Nxd5 Qd6
15. Rfd1 e6 16. Nc3 Qe7 17. Nde2 Rd8 18. Rxd8+ Qxd8 19. Rd1 Qc7 20. Nd4 Bd7 21.
Ne4 Rd8 22. Nf6+ Bxf6 23. Qxf6 Be8 24. Qf3 e5 25. Nb3 Bc6 26. Qe2 Rd6 27. Rc1
Qd8 28. h3 Qg5 29. f3 Qd8 30. Rc2 Rd1+ 31. Kh2 Rd6 32. Rd2 Rxd2 33. Qxd2 Qxd2
34. Nxd2 Bd5 35. a3 a5 36. b4 axb4 37. axb4 Kf8 38. Nb1 Ke7 39. Kg3 f5 40. Kf2
g5 41. g3 Kd6 42. Na3 Kc6 43. f4 exf4 44. gxf4 gxf4 45. exf4 Bb3 46. Ke3 Kd5 47.
h4 Bd1 48. Kd3 Bb3 49. Ke3 Bd1 50. Kd3 Bb3 51. Ke3 1/2-1/2

[Event "Let's Play Chess!"]
[Site "http://www.queenalice.com/game.php?id=1296482"]
[Date "2014.7.31"]
[Round "-"]
[White "Herivelto"]
[Black "mausid"]
[Result "1-0"]
[WhiteElo "1973"]
[BlackElo "2138"]

1. Nf3 Nf6 2. c4 g6 3. d4 Bg7 4. Nc3 d5 5. cxd5 Nxd5 6. e4 Nxc3 7. bxc3 c5 8.
Be2 O-O 9. O-O Nc6 10. e5 Bg4 11. h3 Be6 12. Ng5 cxd4 13. Nxe6 fxe6 14. cxd4
Nxd4 15. f4 Nxe2+ 16. Qxe2 Qd4+ 17. Be3 Qe4 18. Rae1 b6 19. Qb5 Qd5 20. Qe2 g5
21. Qg4 gxf4 22. Bxf4 Rf7 23. Rd1 Qxa2 24. Bh6 Raf8 25. Rxf7 1-0

[Event "Let's Play Chess!"]
[Site "http://www.queenalice.com/game.php?id=1296483"]
[Date "2014.7.31"]
[Round "-"]
[White "johnrbrown"]
[Black "mausid"]
[Result "1-0"]
[WhiteElo "2210"]
[BlackElo "2229"]

1. d4 Nf6 2. Nc3 d5 3. Bg5 Nbd7 4. Nf3 g6 5. e3 Bg7 6. Bd3 O-O 7. Qd2 c5 8.
O-O-O b6 9. Bb5 cxd4 10. exd4 Bb7 11. Ne5 a6 12. Bc6 Bxc6 13. Nxc6 Qe8 14. Rhe1
e6 15. Qf4 Rc8 16. Qd6 Kh8 17. Kb1 Ra8 18. Ne7 Qb8 19. Bf4 Qxd6 20. Bxd6 Rfe8
21. Nc6 Bf8 22. Bxf8 Rxf8 23. a4 Rfc8 24. Nb4 Rc4 25. Nba2 Rac8 26. f3 Kg7 27.
Ne2 Ne8 28. Nac3 Nd6 29. g4 b5 30. axb5 axb5 31. Na2 Ra4 32. b3 Ra7 33. c3 Rca8
34. Rd2 Rh8 35. Nb4 h5 36. gxh5 Rxh5 37. Ng3 Rh4 38. Rg2 Ra8 39. Nd3 Rah8 40.
Ree2 Nf6 41. Ra2 R8h7 42. Kc1 Rh8 43. Ra6 Nfe8 44. Raa2 Rh3 45. Rge2 Kf8 46. Kd1
Nf5 47. Nxf5 gxf5 48. Ne5 Rg8 49. Ra7 Rg1+ 50. Kd2 Rh7 51. Nd7+ Ke7 52. Nc5+ Kf6
53. Nxe6 Rh1 54. Nf4 R7xh2 55. Nxd5+ Kg7 56. Ra6 Rxe2+ 57. Kxe2 Rh2+ 58. Ke3 Rb2
59. b4 Rh2 60. Rb6 1-0

[Event "Let's Play Chess!"]
[Site "http://www.queenalice.com/game.php?id=1296489"]
[Date "2014.7.22"]
[Round "-"]
[White "Pater"]
[Black "mausid"]
[Result "0-1"]
[WhiteElo "2333"]
[BlackElo "2030"]

1. f4 d5 2. Nf3 Nf6 3. e3 g6 4. d4 Bg7 5. Be2 O-O 6. O-O Bg4 7. Ne5 Bxe2 8. Qxe2
Nbd7 9. Nc3 Rc8 10. Na4 c5 11. Nxd7 Nxd7 12. Nxc5 Nxc5 13. dxc5 Qa5 14. c3 Qxc5
15. Rd1 e6 16. Bd2 b5 0-1

[Event "Let's Play Chess!"]
[Site "http://www.queenalice.com/game.php?id=1296490"]
[Date "2014.7.23"]
[Round "-"]
[White "dnptrs"]
[Black "mausid"]
[Result "1/2-1/2"]
[WhiteElo "2166"]
[BlackElo "2121"]

1. d4 Nf6 2. Nf3 g6 3. g3 Bg7 4. Bg2 O-O 5. O-O d5 6. b3 c5 7. Bb2 cxd4 8. Nxd4
e5 9. Nf3 e4 10. Nd4 Nc6 11. e3 Bg4 12. Nxc6 bxc6 13. Qd2 Qb6 14. Nc3 Rad8 15.
Ne2 g5 16. c3 Nd7 17. b4 Ne5 18. a4 Nc4 19. Qc2 Nxb2 20. Qxb2 Bxe2 21. Qxe2 Bxc3
22. Rac1 Bxb4 23. Qh5 Be7 24. h4 c5 25. Rb1 Qg6 26. Qxg6+ fxg6 27. Rb7 Rf7 28.
Rxa7 gxh4 29. Rb1 hxg3 30. fxg3 Bg5 31. Rxf7 Kxf7 32. Kf2 Rd7 33. Rb5 Be7 34. a5
Ra7 35. Bh3 Bd8 36. Rxc5 Rxa5 37. Rxa5 Bxa5 38. Bc8 Kf6 39. g4 Ke5 40. Ba6 h5
41. gxh5 gxh5 42. Bb7 Bb6 43. Bc6 h4 44. Bd7 d4 45. exd4+ Bxd4+ 46. Kg2 Kf4 47.
Bb5 e3 48. Ba6 Bf6 49. Kh1 1/2-1/2

[Event "Let's Play Chess!"]
[Site "http://www.queenalice.com/game.php?id=1296491"]
[Date "2014.7.26"]
[Round "-"]
[White "monok"]
[Black "mausid"]
[Result "0-1"]
[WhiteElo "1711"]
[BlackElo "2108"]

1. d4 Nf6 2. c4 g6 3. Nc3 d5 4. Bg5 Ne4 5. Bf4 Nxc3 6. bxc3 Bg7 7. Nf3 O-O 8. e3
c5 9. Be2 Bf5 10. O-O cxd4 11. cxd4 dxc4 12. Bxc4 Nc6 13. Ng5 e5 14. dxe5 Nxe5
15. Bb3 h6 16. Nf3 Qxd1 17. Raxd1 Nxf3+ 18. gxf3 Rfd8 19. e4 Bh3 20. Rfe1 Bc3
21. Rxd8+ Rxd8 22. Rd1 Rxd1+ 0-1

[Event "Let's Play Chess!"]
[Site "http://www.queenalice.com/game.php?id=1296492"]
[Date "2014.7.27"]
[Round "-"]
[White "monok"]
[Black "mausid"]
[Result "0-1"]
[WhiteElo "1719"]
[BlackElo "2104"]

1. e4 c6 2. d4 d5 3. Nd2 dxe4 4. Nxe4 Bf5 5. Ng3 Bg6 6. h4 h6 7. Bd3 Bxd3 8.
Qxd3 Nf6 9. Nf3 e6 10. O-O Bd6 11. c4 O-O 12. Be3 Nbd7 13. Rad1 Qc7 14. Ne2 b5
15. c5 Be7 16. Bf4 Qb7 17. Nc3 b4 18. Ne2 Nd5 19. Bg3 a5 20. Nf4 Nxf4 21. Bxf4
Nf6 22. Rfe1 Nd5 23. Be5 Bf6 0-1

[Event "Let's Play Chess!"]
[Site "http://www.queenalice.com/game.php?id=1296493"]
[Date "2014.7.28"]
[Round "-"]
[White "igorjava"]
[Black "mausid"]
[Result "0-1"]
[WhiteElo "1951"]
[BlackElo "2216"]

1. e4 c5 2. Nf3 Nc6 3. d4 cxd4 4. Nxd4 Nf6 5. Nc3 e5 6. Nb3 Bb4 7. Bg5 h6 8.
Bxf6 Bxc3+ 9. bxc3 Qxf6 10. Bc4 O-O 11. O-O d6 12. Bd5 Ne7 13. c4 Rb8 14. Qd2 b6
15. f4 Be6 16. f5 Bxd5 17. cxd5 Rfc8 18. c3 Rc4 19. Rf3 Rxe4 20. Qd3 Rg4 21. Nd2
Qh4 22. Raf1 f6 23. h3 Ra4 24. Ra1 e4 25. g3 exd3 26. gxh4 Rxh4 27. c4 Kf7 28.
Kh2 Rc8 29. Rc1 b5 30. Kg3 Rd4 31. Rf4 Rxf4 32. Kxf4 Nxd5+ 33. Ke4 Ne7 34. a3
bxc4 35. Kf4 d5 36. Nf3 Nc6 37. h4 Ne5 38. Nxe5+ fxe5+ 39. Kxe5 c3 0-1

[Event "Let's Play Chess!"]
[Site "http://www.queenalice.com/game.php?id=1296494"]
[Date "2014.7.29"]
[Round "-"]
[White "igorjava"]
[Black "mausid"]
[Result "0-1"]
[WhiteElo "1946"]
[BlackElo "2220"]

1. e4 c5 2. Nf3 Nc6 3. d4 cxd4 4. Nxd4 Nf6 5. Nc3 e5 6. Nf3 Bb4 7. Bg5 h6 8.
Bxf6 Bxc3+ 9. bxc3 Qxf6 10. Bc4 O-O 11. O-O d6 12. Nd2 Be6 13. Bb3 Na5 14. c4
Rac8 15. Qe2 Rc7 16. Rad1 Rfc8 17. Rfe1 Nxc4 18. Nxc4 Bxc4 19. Bxc4 Rxc4 20. Rd2
R8c6 21. f3 b5 22. Rb1 a6 23. h3 Ra4 24. Ra1 Qe6 25. Rd5 Qc8 26. Rd2 Qc7 27. a3
Rc3 28. g3 Raxa3 29. Rxa3 Rxa3 30. Kg2 Rc3 31. Qd1 b4 32. Qb1 a5 33. Qb2 Qc5 34.
g4 a4 35. Kg3 a3 36. Qa2 Qc4 37. Qb1 a2 38. Qa1 Rxc2 39. Rxc2 Qxc2 0-1

[Event "Let's Play Chess!"]
[Site "http://www.queenalice.com/game.php?id=1296495"]
[Date "2014.7.30"]
[Round "-"]
[White "igorjava"]
[Black "mausid"]
[Result "0-1"]
[WhiteElo "1984"]
[BlackElo "2147"]

1. e4 c6 2. c4 d5 3. e5 Bf5 4. d4 dxc4 5. Bxc4 e6 6. a3 Nd7 7. Ne2 Nb6 8. Bd3
Bxd3 9. Qxd3 Ne7 10. Bg5 Qd7 11. O-O Ned5 12. Nbc3 Be7 13. Bxe7 Nxe7 14. b3 O-O
15. f4 c5 16. Rfd1 Rfd8 17. Qe3 Nf5 18. Qf2 cxd4 19. Nb1 h5 20. Nd2 Rac8 21. Nf3
d3 22. Nc1 Rc2 23. Nd2 Rdc8 24. Qf3 Qd4+ 25. Kh1 Qxa1 26. Nxd3 Qd4 27. Nc4 Nxc4
28. bxc4 Rd8 29. Nf2 Rd2 30. Rxd2 Qxd2 31. h3 Nd4 32. Qg3 Qe1+ 0-1

[Event "Let's Play Chess!"]
[Site "http://www.queenalice.com/game.php?id=1296496"]
[Date "2014.8.1"]
[Round "-"]
[White "igorjava"]
[Black "mausid"]
[Result "0-1"]
[WhiteElo "1965"]
[BlackElo "2162"]

1. e4 c6 2. Nf3 d5 3. e5 Bf5 4. d4 e6 5. c4 dxc4 6. Bxc4 Nd7 7. a3 Nb6 8. Bd3
Bxd3 9. Qxd3 Ne7 10. Bg5 h6 11. Bh4 Qd7 12. O-O Ned5 13. Nfd2 Nf4 14. Qf3 Qxd4
15. Qb3 Ne2+ 16. Kh1 Qxh4 17. Nf3 Qc4 18. Qe3 Ng3+ 19. fxg3 Qxf1+ 20. Ng1 O-O-O
21. h3 Rd1 22. Nd2 Qxg1+ 23. Qxg1 Rxg1+ 24. Kxg1 Bc5+ 25. Kf1 Rd8 26. Ke2 Bd4
27. Nf3 Bxb2 28. Ra2 Bd4 29. Rd2 c5 30. Rc2 Kb8 31. g4 Rd5 32. Nxd4 cxd4 33. Kd3
Nd7 0-1

[Event "Let's Play Chess!"]
[Site "http://www.queenalice.com/game.php?id=1296497"]
[Date "2014.7.22"]
[Round "-"]
[White "sergiogvh"]
[Black "mausid"]
[Result "0-1"]
[WhiteElo "1906"]
[BlackElo "2142"]

1. e4 c5 2. d4 cxd4 3. c3 Nf6 4. e5 Nd5 5. cxd4 d6 6. Bc4 Nb6 7. Bb3 dxe5 8.
dxe5 Qxd1+ 9. Bxd1 Nc6 10. Nf3 Bf5 11. O-O e6 0-1

[Event "Let's Play Chess!"]
[Site "http://www.queenalice.com/game.php?id=1296741"]
[Date "2014.7.24"]
[Round "-"]
[White "michas"]
[Black "mausid"]
[Result "0-1"]
[WhiteElo "1688"]
[BlackElo "2109"]

1. e4 c5 2. Nf3 Nc6 3. g3 g6 4. Bg2 Bg7 5. d3 d6 6. O-O e6 7. d4 cxd4 8. c3 dxc3
9. Nxc3 Nge7 10. Nb5 d5 11. exd5 Nxd5 12. Re1 O-O 13. Rb1 a6 14. Nbd4 Bd7 15.
Nxc6 Bxc6 16. Ne5 Rc8 17. Nxc6 Rxc6 18. a3 Rd6 19. Qb3 Qd7 20. Bf4 Nxf4 21. Qxb7
Qxb7 22. Bxb7 Nd5 23. Bxd5 exd5 24. b4 d4 25. Red1 Rc8 26. Rd3 Rc3 27. Rxc3 dxc3
28. Rc1 Rd2 29. Rxc3 Bxc3 0-1

[Event "Let's Play Chess!"]
[Site "http://www.queenalice.com/game.php?id=1296742"]
[Date "2014.7.30"]
[Round "-"]
[White "igorjava"]
[Black "mausid"]
[Result "0-1"]
[WhiteElo "1884"]
[BlackElo "2122"]

1. e4 c5 2. Nf3 Nc6 3. d4 cxd4 4. Nxd4 Nf6 5. Nc3 e5 6. Nf3 Bb4 7. Bg5 h6 8.
Bxf6 Bxc3+ 9. bxc3 Qxf6 10. Bc4 O-O 11. O-O d6 12. Bd5 Ne7 13. c4 Rb8 14. Ne1
Be6 15. Qd2 Bxd5 16. cxd5 Rfc8 17. f4 exf4 18. Rxf4 Qxa1 19. Qf2 f6 20. h3 Rc4
21. Kh2 Qd4 22. Qg3 Rbc8 23. Qd3 Qxd3 24. cxd3 Ra4 25. Rf2 Ng6 26. Rb2 b6 27. g3
Ne5 0-1

[Event "Let's Play Chess!"]
[Site "http://www.queenalice.com/game.php?id=1296744"]
[Date "2014.8.2"]
[Round "-"]
[White "igorjava"]
[Black "mausid"]
[Result "0-1"]
[WhiteElo "1955"]
[BlackElo "2131"]

1. e4 c5 2. Nf3 Nc6 3. d4 cxd4 4. Nxd4 Nf6 5. Nc3 e5 6. Nf5 d5 7. Ng3 d4 8. Nce2
h5 9. Qd3 h4 10. Nf5 g6 11. Nfxd4 Nxd4 12. Bg5 Be7 13. O-O-O Nxe2+ 14. Qxe2 Qc7
15. h3 Kf8 16. Qe3 Kg7 17. f4 Be6 18. f5 Bd7 19. fxg6 fxg6 20. Be2 Bc6 21. Bxf6+
Bxf6 22. Bd3 Qe7 23. g3 Bg5 0-1

[Event "Let's Play Chess!"]
[Site "http://www.queenalice.com/game.php?id=1296745"]
[Date "2014.8.4"]
[Round "-"]
[White "igorjava"]
[Black "mausid"]
[Result "0-1"]
[WhiteElo "1967"]
[BlackElo "2188"]

1. e4 c6 2. Nf3 d5 3. e5 Bg4 4. d4 e6 5. h3 Bxf3 6. Qxf3 c5 7. c3 Nd7 8. Bb5 Ne7
9. dxc5 Nc6 10. b4 Ndxe5 11. Qe2 Nd7 12. Bb2 Be7 13. c4 O-O 14. Bxc6 bxc6 15.
O-O a5 16. b5 cxb5 17. c6 Nb6 18. cxb5 a4 19. Ba3 Bxa3 20. Nd2 Qc7 21. Nf3 Bd6
22. Nd2 e5 23. f3 f5 24. Rab1 Kh8 25. g4 fxg4 26. fxg4 e4 27. Rxf8+ Rxf8 28. Kh1
Qe7 29. Nf1 Qe5 30. Re1 d4 31. Qxe4 Rxf1+ 0-1

[Event "Let's Play Chess!"]
[Site "http://www.queenalice.com/game.php?id=1296746"]
[Date "2014.7.24"]
[Round "-"]
[White "mausid"]
[Black "Franzel"]
[Result "1/2-1/2"]
[WhiteElo "2102"]
[BlackElo "2157"]

1. e4 b6 2. d4 e6 3. Bd3 Bb7 4. Nf3 g6 5. O-O Bg7 6. c3 Ne7 7. Qe2 d5 8. Nbd2
O-O 9. Re1 c5 10. e5 a5 11. Nf1 Nbc6 12. a3 cxd4 13. cxd4 Nf5 14. Be3 Qd7 15.
Ng3 Nxg3 16. hxg3 Ne7 17. g4 Rfc8 18. Rac1 Rxc1 19. Rxc1 Rc8 20. Qd2 Rxc1+ 21.
Qxc1 Qc6 22. Qd2 Qa4 23. Qc2 Qxc2 24. Bxc2 Ba6 25. Ne1 f5 26. g5 Nc6 27. Bd3
Bxd3 28. Nxd3 Kf7 29. a4 Bf8 30. Kf1 Be7 31. g3 Ke8 1/2-1/2

[Event "Let's Play Chess!"]
[Site "http://www.queenalice.com/game.php?id=1296748"]
[Date "2014.7.29"]
[Round "-"]
[White "pedrolobo"]
[Black "mausid"]
[Result "0-1"]
[WhiteElo "2079"]
[BlackElo "2110"]

1. d4 Nf6 2. c4 g6 3. Nf3 Bg7 4. Bf4 O-O 5. Nc3 d5 6. e3 c5 7. Qb3 cxd4 8. Nxd4
dxc4 9. Bxc4 Nbd7 10. O-O e5 11. Ne6 fxe6 12. Bxe6+ Kh8 13. Bxd7 Nxd7 14. Bg3
Nb6 15. Rad1 Qe7 16. Ne4 Be6 17. Qb5 Bc4 18. Qc5 Qxc5 19. Nxc5 Bxf1 20. Kxf1 Rf7
21. Ne6 Rd7 22. Rxd7 Nxd7 23. Ke2 Kg8 24. f4 exf4 25. Bxf4 Bxb2 0-1

[Event "Let's Play Chess!"]
[Site "http://www.queenalice.com/game.php?id=1296749"]
[Date "2014.7.29"]
[Round "-"]
[White "pedrolobo"]
[Black "mausid"]
[Result "0-1"]
[WhiteElo "2010"]
[BlackElo "2174"]

1. d4 Nf6 2. c4 g6 3. Nc3 d5 4. Bf4 Bg7 5. e3 O-O 6. Nf3 c5 7. cxd5 Nxd5 8. Bg3
Nxc3 9. bxc3 Nc6 10. Be2 Bf5 11. O-O cxd4 12. cxd4 Qa5 13. Bd3 Rfd8 14. Bxf5
Qxf5 15. Rb1 b6 16. Nh4 Qd5 17. Qa4 Rac8 18. Nf3 Qa5 19. Qb3 e5 20. dxe5 Nxe5
21. Nxe5 Bxe5 22. Bxe5 Qxe5 23. Rfd1 Rxd1+ 24. Rxd1 Qc5 25. g3 Qc2 26. Rd7 Qxb3
27. axb3 Rc3 28. Rxa7 Rxb3 29. Kg2 h5 30. e4 Rb2 31. h4 b5 32. e5 b4 33. Rb7 b3
0-1

[Event "Let's Play Chess!"]
[Site "http://www.queenalice.com/game.php?id=1488107"]
[Date "2017.8.1"]
[Round "-"]
[White "mausid"]
[Black "josebaron"]
[Result "1-0"]
[WhiteElo "2217"]
[BlackElo "2063"]

1. d4 d5 2. c4 dxc4 3. Nf3 e6 4. e3 Nf6 5. Bxc4 Be7 6. O-O O-O 7. Nc3 c5 8. Qe2
cxd4 9. Rd1 Nc6 10. exd4 Qc7 11. Bg5 h6 12. Bh4 Rd8 13. Bg3 Qd7 14. Rac1 a6 15.
d5 exd5 16. Nxd5 Nxd5 17. Bxd5 Qe8 18. Bc7 Rd7 19. Bb6 Kf8 20. Qe4 Nd8 21. Qh7
1-0

[Event "Let's Play Chess!"]
[Site "http://www.queenalice.com/game.php?id=1488108"]
[Date "2017.8.1"]
[Round "-"]
[White "josebaron"]
[Black "mausid"]
[Result "0-1"]
[WhiteElo "2093"]
[BlackElo "2211"]

1. e4 c5 2. c4 Nc6 3. f4 g6 4. Nf3 Bg7 5. Be2 d6 6. O-O e6 7. Nc3 Nge7 8. d3 O-O
9. a3 b6 10. h3 Bb7 11. Kh1 Qd7 12. Be3 Nd4 13. Bc1 a6 14. Nxd4 cxd4 15. Nb1 b5
16. cxb5 axb5 17. b4 Rfc8 18. Bb2 Qc7 19. Nd2 Qc2 20. Rb1 d5 21. e5 Nf5 22. Rf3
h5 23. Nb3 Bf8 24. Rf1 Ng3+ 25. Kh2 Nxf1+ 26. Bxf1 Qf2 27. Bc1 Bh6 28. Qe2 Bxf4+
29. Bxf4 Qxf4+ 30. g3 Qe3 31. Qxe3 dxe3 32. Nc5 Bc6 33. Ra1 Ra7 34. d4 Be8 35.
Kg2 Rca8 36. Nd3 Rxa3 37. Rxa3 Rxa3 38. Kf3 f6 39. exf6 Kf7 40. Kxe3 Kxf6 41.
Kf4 g5+ 42. Ke3 Bg6 43. g4 h4 44. Kd2 Bxd3 45. Bxd3 Rb3 46. Bxb5 Rxb4 47. Bd7
Rxd4+ 48. Ke3 Ke5 49. Bxe6 Re4+ 50. Kd3 Kxe6 0-1

[Event "Let's Play Chess!"]
[Site "http://www.queenalice.com/game.php?id=1488109"]
[Date "2017.7.31"]
[Round "-"]
[White "igorjava"]
[Black "mausid"]
[Result "0-1"]
[WhiteElo "1688"]
[BlackElo "2216"]

1. e4 c5 2. Nf3 Nc6 3. d4 cxd4 4. Nxd4 e6 5. Nc3 Qc7 6. Be2 a6 7. O-O Nf6 8. a3
Be7 9. Be3 O-O 10. h3 d6 11. Rc1 Bd7 12. Qd2 Rac8 13. Kh1 Nxd4 14. Bxd4 Bc6 15.
f3 b5 0-1

[Event "Let's Play Chess!"]
[Site "http://www.queenalice.com/game.php?id=1488600"]
[Date "2017.8.2"]
[Round "-"]
[White "ArnoBlack"]
[Black "mausid"]
[Result "1-0"]
[WhiteElo "2201"]
[BlackElo "2224"]

1. e4 c5 2. Nf3 e6 3. d4 cxd4 4. Nxd4 Nc6 5. Nb5 d6 6. c4 Nf6 7. N5c3 Be7 8. h3
O-O 9. Be3 b6 10. Be2 Bb7 11. O-O a6 12. Nd2 Qc7 13. Rc1 Ne5 14. f4 Ned7 15. b4
Rac8 16. a3 Qb8 17. Qe1 Qa8 18. Bd3 Bd8 19. Qg3 Bc7 20. Rcd1 Bb8 21. Bd4 e5 22.
fxe5 dxe5 23. Bxb6 Ba7 24. Bxa7 Qxa7+ 25. c5 Qa8 26. Nc4 1-0

[Event "Let's Play Chess!"]
[Site "http://www.queenalice.com/game.php?id=1488601"]
[Date "2017.8.2"]
[Round "-"]
[White "mausid"]
[Black "ArnoBlack"]
[Result "0-1"]
[WhiteElo "2219"]
[BlackElo "2216"]

1. e4 e5 2. Nf3 Nc6 3. Bb5 d6 4. d4 exd4 5. Nxd4 Bd7 6. Nc3 g6 7. Be3 Bg7 8. Qd2
Nf6 9. f3 O-O 10. O-O-O Nxd4 11. Bxd4 a6 12. Bxd7 Nxd7 13. Bxg7 Kxg7 14. g4 Ne5
15. Qe3 b5 16. g5 f6 17. f4 Nc4 18. Qg3 fxg5 19. fxg5 c6 20. Kb1 Qa5 21. Qd3 Qb4
22. Qd4+ Kg8 23. b3 a5 24. Ka1 a4 25. bxc4 a3 26. Rb1 Qxc4 27. Qxc4+ bxc4 28.
Rhf1 Rfb8 29. Rf6 Rd8 30. Rd1 d5 31. exd5 cxd5 32. Nxd5 Kg7 33. Nc3 Re8 34. Rc6
Ra7 35. Rxc4 Re5 36. h4 h6 37. gxh6+ Kxh6 0-1